000 00598na a2200229 4500
001 13679
003 MIRAKIL
005 20181213155116.0
008 161012b tu 000 0
035 _a13679
040 _aMilas
_btur
_cTR-AnCHP
041 _atur
082 _a361.614
_bK35 1997
090 _a361.614 K35 1997
245 _aKentli hakları raporu
_cTBMMOB Mimarlar Odası
260 _aAnkara
_bTMMOB Mimarlar Odası
_c1997
300 _a120 s.
_c28 cm.
650 _aKentleşme
650 _aİnsan hakları
650 _aYerel yönetim
_xSosyal hizmetler
942 _2ddc
_cBKS
999 _c6701
_d6701